The travels of Marco Polo /

محفوظ في:

المؤلف الرئيسي: Polo, Marco, 1254?-1323? (مؤلف)

مؤلفون آخرون: Latham, R. E.

التنسيق: كتاب

اللغة: English

سلاسل: The Penguin classics ; L57.

الموضوعات:

الوسوم: إضافة وسم

لا توجد وسوم, كن أول من يضع وسما على هذه التسجيلة!

رقم الطلب: G370 .P72 1958

LEADER 01133namaa2200325 4500
001 20308
003 OSt
005 20210211145456.0
008 130303s1958 enkb g 000 0 eng d
952 |0 0  |1 0  |2 lcc  |4 0  |6 G0370 P72 01958  |7 1  |9 10311  |a ARCE  |b ARCE  |d 2021-02-11  |l 0  |o G370 .P72 1958  |p 1006092  |r 2021-02-11 00:00:00  |w 2021-02-11  |y BK 
999 |c 18794  |d 18794 
010 |a 58003134 
040 |c ARCE Library 
043 |a a----- 
050 0 4 |a G370 .P72 1958 
100 1 |a Polo, Marco,  |d  1254?-1323?,  |e author  |9 37753 
245 1 4 |a The travels of Marco Polo /  |c Translated and with an an introduction by Ronald Latham. 
264 1 |a [Harmondsworth, Middlesex :  |b Penguin Books],  |c 1958. 
300 |a xxix, 350 pages :  |b maps ;  |c 19 cm. 
336 |a text  |b txt  |2 rdacontent 
337 |a unmediated  |b n  |2 rdamedia 
338 |a volume  |b nc  |2 rdacarrier 
490 1 |a The Penguin classics ;   |v L57. 
650 0 |a Voyages and travels. 
650 0 |a Mongols  |x History. 
651 0 |a Asia  |x Description and travel. 
700 1 |a Latham, R. E.  |q (Ronald Edward)  |9 34490 
830 4 |a The Penguin classics ;   |v L57. 
901 |a reviewed 
942 |c BK  |2 lcc